00293nam a22001097a 4500082001000000100001700010245007600027260000800103526001900111650001200130700004100142 aP-579 aAdnan Arshad aPlanning & Scheduling value engineering health saftey & Risk management aMCE a0b0c0dP_579 aProject aAqib Javed, Athar Iqbal, Ashar masih